Unconventional Monetary Policy and Long-Term Interest Rates /

This paper examines the transmission mechanism through which unconventional monetary policy affects long-term interest rates. I construct a real-time measure summarizing market projections of the magnitude and duration of the Federal Reserve's Large Scale Asset Purchases (LSAP) program, and ana...

Descrición completa

Detalles Bibliográficos
Autor Principal: Wu, Tao
Formato: Revista
Idioma:English
Publicado: Washington, D.C. : International Monetary Fund, 2014.
Series:IMF Working Papers; Working Paper ; No. 2014/189
Acceso en liña:Full text available on IMF
LEADER 02107cas a2200241 a 4500
001 AALejournalIMF014773
008 230101c9999 xx r poo 0 0eng d
020 |c 5.00 USD 
020 |z 9781498317245 
022 |a 1018-5941 
040 |a BD-DhAAL  |c BD-DhAAL 
100 1 |a Wu, Tao. 
245 1 0 |a Unconventional Monetary Policy and Long-Term Interest Rates /  |c Tao Wu. 
264 1 |a Washington, D.C. :  |b International Monetary Fund,  |c 2014. 
300 |a 1 online resource (49 pages) 
490 1 |a IMF Working Papers 
500 |a <strong>Off-Campus Access:</strong> No User ID or Password Required 
500 |a <strong>On-Campus Access:</strong> No User ID or Password Required 
506 |a Electronic access restricted to authorized BRAC University faculty, staff and students 
520 3 |a This paper examines the transmission mechanism through which unconventional monetary policy affects long-term interest rates. I construct a real-time measure summarizing market projections of the magnitude and duration of the Federal Reserve's Large Scale Asset Purchases (LSAP) program, and analyze the determination of term premiums and expectations of future short-term interest rates in a sample spanning more than two decades. Empirical findings suggest that the LSAP has effectively lowered the long-term Treasury bond yields, through both "signaling" and "portfolio balance" channels. On the other hand, the Fed's "forward guidance" also leads to gradual extension of market projections for the duration of the LSAP program, thereby enhancing the LSAP's effect to keep term premiums low. Estimation results also reveal a diminished effectiveness of the LSAP during QE III. Finally, model simulations underscore the importance of policy transparency in minimizing unnecessary market turbulence and ensuring a timely and smooth exit of the unconventional monetary policy stimulus. 
538 |a Mode of access: Internet 
830 0 |a IMF Working Papers; Working Paper ;  |v No. 2014/189 
856 4 0 |z Full text available on IMF  |u http://elibrary.imf.org/view/journals/001/2014/189/001.2014.issue-189-en.xml  |z IMF e-Library